Substancia de la edad / (Record no. 98279)

MARC details
000 -LEADER
campo de control de longitud fija 00619nam a2200205 i 4500
001 - NÚMERO DE CONTROL
campo de control 98279
003 - IDENTIFICADOR DE NÚMERO DE CONTROL
campo de control ES-MaACL
005 - FECHA Y HORA DE LA ÚLTIMA TRANSACCIÓN
campo de control 20240526062940.0
007 - CAMPO FIJO DE DESCRIPCIÓN FÍSICA--INFORMACIÓN GENERAL
campo de control de longitud fija t|
008 - DATOS DE LONGITUD FIJA--INFORMACIÓN GENERAL
campo de control de longitud fija 050727s1975 sp ||||1| spa d
100 1# - ENTRADA PRINCIPAL--NOMBRE DE PERSONA
Nombre de persona Marrodán, Mario Ángel,
Fechas asociadas al nombre 1932-2005
9 (RLIN) 77080
245 10 - MENCIÓN DEL TÍTULO
Título Substancia de la edad /
Mención de responsabilidad, etc. Mario Angel Marrodán.
260 ## - PUBLICACIÓN, DISTRIBUCIÓN, ETC.
Lugar de publicación, distribución, etc. La Carolina (Jaén) :
Nombre del editor, distribuidor, etc. [s.n.],
Fecha de publicación, distribución, etc. 1975 (
Fabricante Graf. Orbara)
300 ## - DESCRIPCIÓN FÍSICA
Extensión 70 p. ;
Dimensiones 21 cm.
490 1# - MENCIÓN DE SERIE
Mención de serie La peñuela ;
Designación de volumen o secuencia 4
830 33 - PUNTO DE ACCESO ADICIONAL DE SERIE-TÍTULO UNIFORME
Título uniforme La peñuela (Serie) ;
Designación de volumen o secuencia 4
9 (RLIN) 236651
852 ## - LOCALIZACIÓN
Ubicación ES-MaACL
Número de control de estantería E-8171
Sublocalización o colección R.92449
itemnumber 101919
942 ## - ELEMENTOS DE ENTRADA SECUNDARIOS (KOHA)
Fuente del sistema de clasificación o colocación Clasificación decimal universal
Holdings
Estatus retirado Estado de pérdida Estado de daño No para préstamo Biblioteca de origen Biblioteca actual Ubicación en estantería Fecha de adquisición Fuente de adquisición Total de préstamos Signatura topográfica completa Código de barras Visto por última vez Precio de reemplazo Tipo de ítem Koha
        Biblioteca del Ateneo de Madrid Biblioteca del Ateneo de Madrid Depósito 2 17/01/2008     E-8171 1102597 23/02/2023 23/02/2023 Libro impreso